000 00688nam a2200289Ia 4500
005 20260324143300.0
008 008 260324s9999 xx 000 0 eng d
020 _a9780203032510
037 _aEBOOK
040 _aCRL
040 _beng
040 _cCRL
041 _2eng
041 _aeng
084 _qCRL
100 _aJane Mace
_91204163
245 0 _aTalking About Literacy
245 0 _bPrinciples and Practice of Adult Literacy Education
260 _bTaylor and Francis
260 _c1992
365 _a
365 _b290
856 _uhttp://www.taylorfrancis.com/books/9780203032510
942 _cEBOOK
999 _c1820255
_d1820255